| 000 | 00712nam a2200205Ii 4500 | ||
|---|---|---|---|
| 001 | 2560 | ||
| 003 | CO-ViMGA | ||
| 008 | 241108s9999||||xx |||||||||||||| ||und|| | ||
| 040 |
_aCO-ViMGA _bspa _erda _cCO-ViMGA |
||
| 041 | 0 | _aspa | |
| 082 | 0 | 4 | _aFA 467.986 - I57h |
| 110 | 1 |
_aInstituto Caro y Cuervo _952855 |
|
| 245 | 1 | 0 |
_aHomenaje a Luis Flórez: _bEstudios de historia cultural, dialectología, geografía lingüística, fonética, gramática y lexiocografía |
| 264 | 1 | _aBogotá, Colombia : Imprenta Patriótica, 1984 | |
| 300 | _avolumen | ||
| 336 |
_atext _btxt _2rdacontent |
||
| 337 |
_aunmediated _bn _2rdamedia |
||
| 338 |
_avolume _bnc _2rdacarrier |
||
| 940 | _aidficha_siabuc: 2503. -- ficha_no_siabuc:2560 | ||
| 999 |
_c47843 _d47843 |
||